[Event "45th Rilton Cup 2015-16"]
[Site "Stockholm SWE"]
[Date "2016.01.03"]
[Round "7.21"]
[White "Sadeh, Shahin"]
[Black "Akesson, Ralf"]
[Result "1/2-1/2"]
[WhiteTitle "FM"]
[BlackTitle "GM"]
[WhiteElo "2284"]
[BlackElo "2421"]
[WhiteFideId "12503924"]
[BlackFideId "1700120"]
[EventDate "2015.12.27"]

1. e4 c5 2. Nf3 d6 3. g3 Nc6 4. Bg2 g6 5. O-O Bg7 6. c3 e5 7. h3 Nge7 8. a4 O-O
9. Na3 h6 10. Re1 Be6 11. b3 Qd7 12. Kh2 f5 13. exf5 Rxf5 14. d4 exd4 15. cxd4
Nxd4 16. Nxd4 Bxd4 17. Ra2 Bxf2 18. Ree2 Bd4 19. Nb5 Be5 20. Rad2 d5 21. Qe1 Nc6
22. Bb2 Qg7 23. Rxe5 Rxe5 24. Bxe5 Nxe5 25. Re2 Nd3 26. Qd2 Bf5 27. Bxd5+ Kh7
28. Nd6 Nb4 29. Nxf5 gxf5 30. Be6 Rf8 31. Rf2 Qd4 32. Bxf5+ Kg7 33. Qe2 Nd5 34.
Rf3 Nf6 35. Bb1 Qd5 36. Re3 Rf7 37. Qc2 Qg5 38. Re6 Rd7 39. Re2 Rd4 40. h4 Qg4
41. Re7+ Kg8 42. Qf2 Rd6 43. Bc2 Re6 44. Rxe6 Qxe6 45. Bf5 Qe5 46. Qf3 Kf8 1/2-1/2

[Event "45th Rilton Cup 2015-16"]
[Site "Stockholm SWE"]
[Date "2016.01.03"]
[Round "7.22"]
[White "Lindgren, Philip"]
[Black "Lundin, Jan"]
[Result "0-1"]
[WhiteTitle "FM"]
[BlackTitle "FM"]
[WhiteElo "2418"]
[BlackElo "2230"]
[WhiteFideId "1713230"]
[BlackFideId "1706896"]
[EventDate "2015.12.27"]

1. c4 e5 2. g3 Nc6 3. Bg2 g6 4. Nc3 Bg7 5. d3 d6 6. e4 Nge7 7. Nge2 O-O 8. Be3
Nd4 9. O-O c6 10. Qd2 Bg4 11. f3 Be6 12. Bg5 Qd7 13. Nxd4 exd4 14. Ne2 d5 15. b3
dxe4 16. fxe4 Bg4 17. h3 Bxe2 18. Qxe2 c5 19. Kh2 Nc6 20. Rf2 Ne5 21. a3 b5 22.
Rb1 bxc4 23. bxc4 Qa4 24. Be7 Rfc8 25. Bd6 Qd7 26. Bxe5 Bxe5 27. Qf3 Rcb8 28.
Rfb2 Qc7 29. h4 h5 30. Bh3 Rxb2+ 31. Rxb2 Rb8 32. Rxb8+ Qxb8 33. a4 Qb2+ 34. Kg1
Qa1+ 35. Kg2 Qxa4 36. Qe2 Qb3 37. g4 hxg4 38. Bxg4 a5 39. h5 Kg7 40. hxg6 fxg6
41. Qd2 Qb6 42. Bd1 Qd8 43. Kf1 Qh4 44. Qf2 Qxf2+ 45. Kxf2 Kh6 46. Ba4 Kg5 47.
Kf3 Kh4 48. Be8 g5 49. Bd7 g4+ 0-1

[Event "45th Rilton Cup 2015-16"]
[Site "Stockholm SWE"]
[Date "2016.01.03"]
[Round "7.24"]
[White "Eriksson, Jorgen"]
[Black "Krupenski, Juri"]
[Result "0-1"]
[BlackTitle "FM"]
[WhiteElo "2206"]
[BlackElo "2406"]
[WhiteFideId "1701967"]
[BlackFideId "4501101"]
[EventDate "2015.12.27"]

1. d4 Nf6 2. Bg5 e6 3. Nd2 h6 4. Bh4 Nc6 5. e3 d6 6. Ngf3 Bd7 7. Bc4 a6 8. c3 g5
9. Bg3 Nh5 10. d5 exd5 11. Bxd5 Qe7 12. Nd4 Nxg3 13. hxg3 Bg7 14. N2b3 Nd8 15.
Qd3 Qe5 16. Be4 c5 17. Nf3 Qe6 18. Bd5 Qe7 19. Nbd2 Nc6 20. Nc4 Rd8 21. Nb6 Be6
22. Rd1 Qc7 23. Nc4 Bxd5 24. Qxd5 O-O 25. Nxd6 Rd7 26. Nxg5 hxg5 27. Qf5 Rfd8
28. Qxg5 Rxd6 0-1

[Event "45th Rilton Cup 2015-16"]
[Site "Stockholm SWE"]
[Date "2016.01.03"]
[Round "7.25"]
[White "Ertan, Can"]
[Black "Wallace, John Paul"]
[Result "1-0"]
[WhiteTitle "FM"]
[BlackTitle "IM"]
[WhiteElo "2241"]
[BlackElo "2383"]
[WhiteFideId "6306330"]
[BlackFideId "3200957"]
[EventDate "2015.12.27"]

1. e4 c5 2. Nf3 d6 3. c3 Nf6 4. Qc2 Nc6 5. d4 d5 6. e5 Ne4 7. dxc5 Nxc5 8. Bb5
Qb6 9. Nd4 Bd7 10. Bxc6 bxc6 11. O-O e6 12. Be3 Qa6 13. Nd2 Qd3 14. Qd1 Be7 15.
b4 Nb7 16. Rb1 O-O 17. Qa4 Rfc8 18. c4 a5 19. b5 cxb5 20. cxb5 Bb4 21. Nc6 Bxd2
22. Rfd1 Kh8 23. Bxd2 Bxc6 24. bxc6 Nc5 25. Qf4 Kg8 26. Rbc1 Qb5 27. Qg4 Kf8 28.
Qh4 Kg8 29. Qg4 Qa4 30. Qxa4 Nxa4 31. Be3 Nb2 32. Rd4 Ra6 33. c7 Nc4 34. Rcxc4
f6 35. exf6 1-0

[Event "45th Rilton Cup 2015-16"]
[Site "Stockholm SWE"]
[Date "2016.01.03"]
[Round "7.26"]
[White "Hakimifard, Ghazal"]
[Black "Engqvist, Thomas"]
[Result "1-0"]
[WhiteTitle "WIM"]
[BlackTitle "IM"]
[WhiteElo "2169"]
[BlackElo "2358"]
[WhiteFideId "12506540"]
[BlackFideId "1700332"]
[EventDate "2015.12.27"]

1. e4 c6 2. d4 d5 3. Nc3 dxe4 4. Nxe4 Bf5 5. Ng3 Bg6 6. h4 h6 7. Nf3 e6 8. h5
Bh7 9. Bd3 Bxd3 10. Qxd3 Nf6 11. Bd2 c5 12. Ne4 cxd4 13. Nxd4 Be7 14. O-O-O Qd5
15. Nc3 Qd7 16. Qf3 Nc6 17. Ndb5 Nb4 18. Bxh6 Nxa2+ 19. Kb1 Nxc3+ 20. Nxc3 Qc6
21. Qxc6+ bxc6 22. Bxg7 Rxh5 23. Ne4 Rxh1 24. Rxh1 Ng8 25. Rh8 O-O-O 26. f4 f5
27. Ng5 Bxg5 28. fxg5 Ne7 29. Rh7 Rd7 30. Bf6 Nd5 31. Rh8+ Kb7 32. Be5 Ne7 33.
Rh6 Rd1+ 34. Ka2 Kc8 35. Rxe6 Kd7 36. Rh6 Rd2 37. g3 Rxc2 38. Rd6+ Ke8 39. g6
Rc5 40. Bf4 Rd5 41. Re6 Kd7 42. Rf6 Ra5+ 43. Kb1 Nd5 44. Rxf5 Nc3+ 45. bxc3 Rxf5
46. g7 Rb5+ 47. Kc2 1-0

[Event "45th Rilton Cup 2015-16"]
[Site "Stockholm SWE"]
[Date "2016.01.03"]
[Round "7.27"]
[White "Jogstad, Martin"]
[Black "Grandell, Anders"]
[Result "1/2-1/2"]
[BlackTitle "FM"]
[WhiteElo "2125"]
[BlackElo "2330"]
[WhiteFideId "1715364"]
[BlackFideId "1709771"]
[EventDate "2015.12.27"]

1. c4 e5 2. g3 Nf6 3. Bg2 d5 4. cxd5 Nxd5 5. Nf3 Nc6 6. O-O Nb6 7. d3 Be7 8.
Nbd2 O-O 9. a3 Re8 10. b3 Bf8 11. Bb2 Bg4 12. Rc1 Nd4 13. e4 c6 14. h3 Bxf3 15.
Nxf3 Nxf3+ 16. Qxf3 Qe7 17. Qe3 Qe6 18. Rc3 f6 19. Kh2 Rad8 20. Bf3 Bd6 21. Bd1
Qe7 22. b4 Bc7 23. Kg2 Nc8 24. Rb3 Bb6 25. Qe2 Bd4 26. Bc1 Nd6 27. a4 Kh8 28. h4
Rf8 29. f4 exf4 30. Bxf4 Nf7 31. g4 Be5 32. Be3 Bd4 33. Bf4 g5 34. hxg5 fxg5 35.
Bg3 Ne5 36. Rf5 Ng6 37. Rb1 Be5 38. Rxe5 Nxe5 39. Qb2 Rf4 40. Rc1 Qg7 41. Bxf4
gxf4 42. Rc5 Re8 43. Qd4 Qf6 44. Bf3 b6 45. Rc1 Rd8 46. Rxc6 Rxd4 47. Rxf6 Nxd3
48. Be2 Nc1 49. Bb5 Rxe4 50. Kf3 Rxb4 51. Rxf4 Rb3+ 52. Ke4 Kg7 53. Kd5 Na2 54.
Be8 a5 55. g5 Re3 56. Bh5 Nb4+ 57. Kc4 Re5 58. Rf7+ Kg8 59. Rc7 Rxg5 60. Rc8+
Kg7 61. Rc7+ Kf8 62. Rc8+ Ke7 63. Rc7+ Kd6 64. Rxh7 Rc5+ 65. Kb3 Re5 66. Kc4
Rc5+ 67. Kb3 Rc1 68. Be8 Re1 69. Bb5 Re3+ 70. Kc4 Re4+ 71. Kb3 Nd5 72. Rh6+ Ke5
73. Rh3 Rb4+ 74. Ka3 Rf4 75. Bc6 Nb4 76. Bb5 Kd4 77. Rg3 Re4 78. Kb3 Nd5 79. Rg8
Re3+ 80. Kb2 Re4 81. Kb3 Re3+ 82. Kb2 Re4 83. Kb3 Rf4 84. Rd8 Rf3+ 85. Kb2 Rf2+
86. Kb3 Rf3+ 87. Kb2 Rf6 88. Kb3 Ke5 89. Re8+ Kd4 90. Rd8 Rh6 91. Kb2 Ke5 92.
Re8+ Re6 93. Rh8 Nc7 94. Bc4 Rf6 95. Rd8 Rd6 96. Rh8 Kd4 97. Kb3 Rf6 98. Rh4+
Kc5 99. Rh5+ Kd6 100. Kc3 Rg6 101. Bf7 Rg3+ 102. Kb2 Na6 103. Be8 Nc5 104. Rh6+
Kc7 105. Bb5 Re3 106. Rc6+ Kb7 107. Rh6 Re6 108. Rh7+ Kb8 109. Rh8+ Kc7 110.
Rh7+ Kd6 111. Rh5 Rf6 112. Rh2 Rf4 113. Ka3 Ne4 114. Kb3 Ke5 1/2-1/2

[Event "45th Rilton Cup 2015-16"]
[Site "Stockholm SWE"]
[Date "2016.01.03"]
[Round "7.28"]
[White "Petersson, Baldur Teodor"]
[Black "Koykka, Pekka"]
[Result "0-1"]
[BlackTitle "FM"]
[WhiteElo "1870"]
[BlackElo "2326"]
[WhiteFideId "2309157"]
[BlackFideId "504319"]
[EventDate "2015.12.27"]

1. e4 Nf6 2. e5 Nd5 3. c4 Nb6 4. d4 d6 5. exd6 exd6 6. Nf3 Be7 7. b3 O-O 8. Bd3
Nc6 9. O-O Bg4 10. Bb2 Bf6 11. Na3 d5 12. c5 Nd7 13. Rc1 Re8 14. Ba1 Nf8 15. Bb1
Bxf3 16. Qxf3 Bxd4 17. Rfd1 Bxa1 18. Bxh7+ Nxh7 19. Rxa1 Nf6 20. Nc4 Ne5 21. Qg3
Nxc4 22. bxc4 c6 23. Rd4 Qe7 24. h3 Qxc5 25. Rh4 Re2 26. Rf1 dxc4 27. Qf3 Rae8
28. Kh2 Qe5+ 29. g3 Qd5 30. Qf4 R2e4 0-1

[Event "45th Rilton Cup 2015-16"]
[Site "Stockholm SWE"]
[Date "2016.01.03"]
[Round "7.29"]
[White "Kolbus, Dietmar"]
[Black "Storme, Isak"]
[Result "1-0"]
[WhiteTitle "IM"]
[WhiteElo "2315"]
[BlackElo "1864"]
[WhiteFideId "4610628"]
[BlackFideId "1728113"]
[EventDate "2015.12.27"]

1. c4 e5 2. g3 Nf6 3. Bg2 d5 4. cxd5 Nxd5 5. Nf3 Nc6 6. O-O Nb6 7. Nc3 Be7 8. d3
O-O 9. b3 f5 10. Bb2 Bf6 11. Nd2 Be6 12. Bxc6 bxc6 13. Qc2 Qe7 14. Rad1 Kh8 15.
Ncb1 Qe8 16. Na3 Nd5 17. Nac4 Bd7 18. Ba3 Rg8 19. e4 Ne7 20. f3 f4 21. g4 g5 22.
Bc5 Kg7 23. h3 h5 24. Rf2 Rh8 25. Nf1 hxg4 26. hxg4 Rh3 27. Qe2 Qh8 28. Rh2 Qh4
29. Qg2 Rxh2 30. Qxh2 Qxh2+ 31. Nxh2 Kf7 32. Rd2 Nc8 33. d4 exd4 34. Bxd4 Bxd4+
35. Rxd4 Ke6 36. Nf1 Nd6 37. Nfd2 a5 38. Nxd6 cxd6 39. Nc4 d5 40. exd5+ cxd5 41.
Nb6 Ra7 42. Rxd5 Rb7 43. Rxg5 Be8 44. Nd5 Rf7 45. Kf2 Bc6 46. Nb6 Kd6 47. Nc4+
Kc7 48. Rxa5 Rh7 49. Ra7+ Bb7 50. Na5 Rh2+ 51. Kg1 Rxa2 52. Rxb7+ Kc8 53. Rb5 1-0

[Event "45th Rilton Cup 2015-16"]
[Site "Stockholm SWE"]
[Date "2016.01.03"]
[Round "7.30"]
[White "Nyysti, Sampsa"]
[Black "Zeier, Klaus"]
[Result "1-0"]
[WhiteTitle "IM"]
[WhiteElo "2370"]
[BlackElo "2262"]
[WhiteFideId "502138"]
[BlackFideId "4696050"]
[EventDate "2015.12.27"]

1. e4 e5 2. Nf3 Nc6 3. Bb5 a6 4. Ba4 Nf6 5. O-O Be7 6. d3 b5 7. Bb3 O-O 8. Nc3
d6 9. a3 Bg4 10. Be3 Nd4 11. Bxd4 exd4 12. Nd5 c5 13. Nf4 Nh5 14. Nxh5 Bxh5 15.
Bd5 Ra7 16. h3 Bxf3 17. Qxf3 g6 18. g3 Kg7 19. h4 f5 20. exf5 Rxf5 21. Qh1 Re5
22. a4 b4 23. Rfe1 Bf6 24. Rxe5 Bxe5 25. a5 Re7 26. Bc4 Bf6 27. Qd5 Ra7 28. Bxa6
Kh6 29. Bc4 Rxa5 30. Rxa5 Qxa5 31. Qxd6 Qd8 32. Qxc5 Qe7 33. Qxe7 Bxe7 34. Kg2
g5 35. hxg5+ Kxg5 36. f4+ Kf5 37. Kf3 Bd6 38. Bg8 h6 39. Bh7+ Ke6 40. Ke4 Bc5
41. Bf5+ Kf6 42. Kd5 Bb6 43. Bh7 1-0

[Event "45th Rilton Cup 2015-16"]
[Site "Stockholm SWE"]
[Date "2016.01.03"]
[Round "7.31"]
[White "Hejazipour, Mitra"]
[Black "Percivaldi, Martin"]
[Result "0-1"]
[WhiteTitle "WGM"]
[BlackTitle "FM"]
[WhiteElo "2357"]
[BlackElo "2260"]
[WhiteFideId "12505951"]
[BlackFideId "1508148"]
[EventDate "2015.12.27"]

1. d4 d5 2. c4 c6 3. Nf3 Nf6 4. Nc3 dxc4 5. a4 Bf5 6. e3 e6 7. Bxc4 Bb4 8. O-O
Nbd7 9. Nh4 O-O 10. Qb3 Qb6 11. f3 Bg6 12. Nxg6 hxg6 13. Rd1 e5 14. Qc2 Kh7 15.
Qf2 Qc7 16. Bd2 Bd6 17. Ne4 exd4 18. Qh4+ Kg8 19. exd4 Nd5 20. Rac1 Ne7 21. Ng5
Nf6 22. Ne4 Nf5 23. Qh3 Bf4 24. Kh1 Bxd2 25. Rxd2 Qf4 26. Rdd1 Nxe4 27. fxe4
Qxe4 28. Bd3 Qd5 29. Bxf5 Qxf5 30. Qh4 Rad8 31. Rf1 Qd5 32. Rcd1 Rfe8 33. Qf2 c5
34. Rd3 cxd4 35. Rfd1 Re4 36. Kg1 Qe5 37. Rf1 Qe6 38. Rfd1 Rd5 39. Qg3 Rde5 40.
h3 Qb6 41. b3 Re8 42. Kh2 Re3 43. Qf4 Rxd3 44. Rxd3 Rd8 45. Kg1 Qd6 46. Qe4 b6
47. Qg4 Qe5 48. Qd1 Qe4 49. Qd2 a5 50. Qd1 g5 51. Qd2 Rd5 52. Qd1 g6 53. Kh1 Qf4
54. Rf3 Qh4 55. Qe2 Rf5 56. Rxf5 gxf5 57. Qe8+ Kg7 58. Qe5+ Kg6 59. Qd6+ f6 60.
Qe6 Qh7 61. Qd5 Qf7 62. Qxd4 Qxb3 63. Qd8 Qe6 64. Qd2 f4 65. Qd3+ Kf7 66. Qh7+
Ke8 67. Qh8+ Kd7 68. Qh7+ Kc6 69. Qc2+ Kd6 70. Qb1 Qe3 71. Qf5 Qd4 72. Qc2 Kd5
73. Qb3+ Ke5 74. Qb5+ Kd6 75. Qe8 Qe5 76. Qf8+ Kd5 77. Qf7+ Kc5 78. Qa2 f5 79.
Qb1 Kc6 80. Qc1+ Kb7 81. Qd2 Qa1+ 82. Kh2 Qxa4 83. Qd5+ Qc6 84. Qxf5 Qc5 85.
Qd7+ Ka6 86. Qd3+ Qb5 87. Qe4 Qd7 88. Qe5 Qd8 89. Qe2+ Ka7 90. Qb5 Qe7 91. Kh1
Kb7 92. Kh2 Kc7 93. Qc4+ Qc5 94. Qf7+ Kc6 95. Qe8+ Kd5 96. Qg8+ Kd4 97. Qg7+ Kc4
98. Qf7+ Kb4 99. h4 gxh4 100. Qxf4+ Qc4 101. Qd6+ Kb5 102. Qd7+ Ka6 103. Qd8 a4
104. Qa8+ Kb5 105. Kh3 Kb4 0-1

[Event "45th Rilton Cup 2015-16"]
[Site "Stockholm SWE"]
[Date "2016.01.03"]
[Round "7.32"]
[White "Wiander, Michael"]
[Black "Rodshtein, Tereza"]
[Result "1/2-1/2"]
[WhiteTitle "CM"]
[BlackTitle "WGM"]
[WhiteElo "2187"]
[BlackElo "2278"]
[WhiteFideId "1702580"]
[BlackFideId "325449"]
[EventDate "2015.12.27"]

1. d4 d5 2. e3 Nf6 3. Bd3 c6 4. Nd2 Bg4 5. f3 Bh5 6. g4 Bg6 7. h4 Bxd3 8. cxd3
g6 9. h5 Bg7 10. f4 Nfd7 11. Ngf3 e6 12. Nb3 Na6 13. Qc2 Qc7 14. Ne5 f6 15. Nxd7
Qxd7 16. Qh2 O-O-O 17. Bd2 Rhe8 18. h6 Bf8 19. a3 Bd6 20. Bc3 Qc7 21. Nc5 Nb8
22. Qh3 b6 23. Nb3 Nd7 24. O-O Re7 25. Rf2 Rde8 26. Raf1 Kb7 27. Bd2 Nb8 28. e4
dxe4 29. dxe4 e5 30. fxe5 fxe5 31. Bg5 Rd7 32. d5 Ka8 33. Rc1 Qb7 34. Rd2 Rf8
35. Rcd1 c5 36. Rf1 Rdf7 37. Rdf2 c4 38. Rxf7 Rxf7 39. Rxf7 Qxf7 40. Nd2 Bc5+
41. Be3 Qf4 42. Nxc4 Qxe4 43. Bxc5 Qxc4 44. Bd6 Qxd5 45. Bxe5 Qxe5 46. Qf3+ Nc6
47. Qxc6+ Kb8 48. Qd7 Qe3+ 49. Kg2 Qxh6 50. Qd8+ Kb7 51. Qd7+ Kb8 52. Qd8+ Kb7
53. Qd7+ Kb8 1/2-1/2

[Event "45th Rilton Cup 2015-16"]
[Site "Stockholm SWE"]
[Date "2016.01.03"]
[Round "7.33"]
[White "Rydstrom, Tom"]
[Black "Tuomainen, Felix"]
[Result "1-0"]
[WhiteTitle "FM"]
[WhiteElo "2266"]
[BlackElo "2022"]
[WhiteFideId "1714830"]
[BlackFideId "1720813"]
[EventDate "2015.12.27"]

1. e4 d5 2. exd5 Qxd5 3. Nc3 Qa5 4. d4 c6 5. Bc4 Bf5 6. Nf3 Nf6 7. Bd2 e6 8. Qe2
Nbd7 9. O-O-O Qc7 10. Nh4 Bg6 11. Nxg6 hxg6 12. h4 O-O-O 13. Bb3 Nb6 14. Bg5
Nbd5 15. Nxd5 exd5 16. Rhe1 Re8 17. Qxe8+ Nxe8 18. Rxe8+ Kd7 19. Rde1 Bb4 20.
R8e7+ Bxe7 21. Rxe7+ Kc8 22. Rxc7+ Kxc7 23. c4 dxc4 24. Bxc4 f6 25. Bf4+ Kd7 26.
g3 Ke7 27. Kd2 Rd8 28. Kc3 Ke8 29. b4 Ke7 30. a4 a6 31. Bd3 Kf7 32. Be4 Re8 33.
Bf3 Re1 34. Kc4 Ra1 35. a5 Ra2 36. Be3 Ke7 37. Kc5 Kd7 38. d5 cxd5 39. Bxd5 1-0

[Event "45th Rilton Cup 2015-16"]
[Site "Stockholm SWE"]
[Date "2016.01.03"]
[Round "7.34"]
[White "Sarwer, Jeff"]
[Black "Kosmo, Santul"]
[Result "1-0"]
[WhiteTitle "FM"]
[WhiteElo "2263"]
[BlackElo "2202"]
[WhiteFideId "2604213"]
[BlackFideId "504173"]
[EventDate "2015.12.27"]

1. d4 Nf6 2. c4 c5 3. d5 e6 4. Nc3 exd5 5. cxd5 d6 6. e4 g6 7. Bd3 Bg7 8. Nge2
O-O 9. O-O Re8 10. h3 a6 11. a4 Nbd7 12. Ng3 Qc7 13. f4 Rb8 14. Be3 c4 15. Bc2
b5 16. axb5 axb5 17. Ra7 Qd8 18. Kh2 Nc5 19. Bxc5 dxc5 20. e5 Ng4+ 21. hxg4 Qh4+
22. Kg1 Qxg3 23. g5 Qe3+ 24. Kh1 h6 25. e6 fxe6 26. gxh6 Rb7 27. Rxb7 Bxb7 28.
Qg4 exd5 29. Bxg6 Re7 30. hxg7 Rxg7 31. Qf5 d4 32. Nd5 Qe2 33. Nf6+ Kf8 34. Nh7+
Ke7 35. Qf6+ Kd7 36. Qxg7+ Kc8 37. Bf5+ Kb8 38. Qe5+ 1-0

[Event "45th Rilton Cup 2015-16"]
[Site "Stockholm SWE"]
[Date "2016.01.03"]
[Round "7.35"]
[White "Pantzar, Milton"]
[Black "Henriksson, Johan"]
[Result "1/2-1/2"]
[BlackTitle "FM"]
[WhiteElo "2103"]
[BlackElo "2286"]
[WhiteFideId "1721003"]
[BlackFideId "1703560"]
[EventDate "2015.12.27"]

1. d4 d5 2. c4 c6 3. Nc3 Nf6 4. Nf3 a6 5. c5 Nbd7 6. Bf4 Nh5 7. e3 g6 8. Bd3 Bg7
9. O-O O-O 10. Bg5 Qe8 11. e4 dxe4 12. Nxe4 h6 13. Bd2 Ndf6 14. Nc3 Qd8 15. Be3
Nd5 16. Nxd5 Qxd5 17. Qc2 Bf5 18. Bxf5 gxf5 19. Rad1 Rad8 20. Rfe1 Nf6 21. Ne5
e6 22. Nc4 Qd7 23. Bf4 Nd5 24. Bd6 Rfe8 25. Qb3 Kh7 26. Be5 Rg8 27. Rd3 f6 28.
Bd6 Bf8 29. Bxf8 Rdxf8 30. Rg3 Rf7 31. Qd3 Rfg7 32. Qe2 Nf4 33. Qe3 Nxg2 34.
Kxg2 Qd5+ 35. Kg1 Qxc4 36. Qxe6 Qxd4 37. Qxf5+ Kh8 38. Kg2 Rg5 39. Qf3 Qxb2 40.
Re7 Qd4 41. Rxb7 Qd5 42. Rb6 Qxf3+ 43. Kxf3 Rxc5 44. Rxa6 Rgg5 45. Rxg5 hxg5 46.
Ra7 f5 47. Ke3 Kg8 48. f4 g4 49. Kd4 Rd5+ 50. Kc3 Rc5+ 51. Kd4 Rd5+ 52. Kc3 Rc5+ 1/2-1/2

[Event "45th Rilton Cup 2015-16"]
[Site "Stockholm SWE"]
[Date "2016.01.03"]
[Round "7.36"]
[White "Kharmunova, Nadezhda"]
[Black "Haug, Johannes"]
[Result "0-1"]
[WhiteTitle "WIM"]
[BlackTitle "FM"]
[WhiteElo "2132"]
[BlackElo "2247"]
[WhiteFideId "4195876"]
[BlackFideId "1509268"]
[EventDate "2015.12.27"]

1. e4 c6 2. d4 d5 3. e5 c5 4. dxc5 Nc6 5. Nf3 Bg4 6. a3 e6 7. b4 a5 8. b5 Nxe5
9. Bb2 Bxf3 10. gxf3 Qf6 11. Nd2 Bxc5 12. Rb1 Ne7 13. Qe2 N7g6 14. Rg1 Bd6 15.
Qe3 O-O 16. Be2 Rac8 17. Qb6 Qe7 18. Qxa5 Rxc2 19. Qa4 Rfc8 20. Kd1 Qc7 21. Qb3
Nf4 22. Bf1 Qc5 0-1

[Event "45th Rilton Cup 2015-16"]
[Site "Stockholm SWE"]
[Date "2016.01.03"]
[Round "7.37"]
[White "Krantz, Christopher"]
[Black "Dahl, Trygve"]
[Result "1-0"]
[WhiteElo "2230"]
[BlackElo "2139"]
[WhiteFideId "1707876"]
[BlackFideId "1513427"]
[EventDate "2015.12.27"]

1. Nf3 e6 2. c4 f5 3. g3 Nf6 4. Bg2 Be7 5. d4 d6 6. O-O O-O 7. Nc3 Ne4 8. Qc2
Nxc3 9. bxc3 Nc6 10. e4 e5 11. d5 Na5 12. exf5 Bxf5 13. Qe2 Qe8 14. Nd2 Qa4 15.
Be4 Bxe4 16. Qxe4 Bg5 17. c5 Qb5 18. Qb4 Qd3 19. Qxa5 Bxd2 20. Bxd2 b6 21. Qa3
Qxd2 22. cxd6 Qxd5 23. dxc7 Qc6 24. Rae1 Qxc7 25. Re3 Rac8 26. Rfe1 Qc5 27. Qxa7
Ra8 28. Qd7 Qc4 29. Rxe5 Qxc3 30. Qd5+ Kh8 31. Qxa8 Qxe1+ 32. Rxe1 Rxa8 33. a4
Kg8 34. Re4 Ra5 35. Rb4 Kf7 36. f4 Ra6 37. Kf2 Ke6 38. Ke3 Kd5 39. Kd3 Kc5 40.
Kc3 Ra7 41. Re4 Kc6 42. Kb4 Rd7 43. Re6+ Kb7 44. Kc4 Ka6 45. Re8 Kb7 46. f5 h6
47. g4 Ka6 48. h4 Rd6 49. Re1 g6 50. Re6 1-0

[Event "45th Rilton Cup 2015-16"]
[Site "Stockholm SWE"]
[Date "2016.01.03"]
[Round "7.38"]
[White "Hammar, Bengt"]
[Black "Norlin, Egor"]
[Result "0-1"]
[WhiteTitle "FM"]
[WhiteElo "2210"]
[BlackElo "2084"]
[WhiteFideId "1700391"]
[BlackFideId "1713973"]
[EventDate "2015.12.27"]

1. e4 e6 2. d4 d5 3. Nc3 Bb4 4. e5 c5 5. a3 Bxc3+ 6. bxc3 Ne7 7. a4 b6 8. Bb5+
Bd7 9. Bd3 Qc7 10. Nf3 Nbc6 11. O-O h6 12. Ba3 Na5 13. Nd2 Bxa4 14. dxc5 bxc5
15. Qg4 c4 16. Bd6 Qd7 17. Be2 Nf5 18. Nf3 Nb7 19. Ba3 Bxc2 20. Bd1 Bxd1 21.
Rfxd1 Na5 22. Nd4 Nxd4 23. cxd4 Nb3 24. Qxg7 O-O-O 25. Rab1 Kb8 26. Qg3 Ka8 27.
Qe3 h5 28. f4 Rb8 29. Rb2 Rhc8 30. Bd6 Rb7 31. f5 exf5 32. Qf3 Qe6 33. Qxh5 f6
34. Qg6 Rb6 35. Rf2 c3 36. Rc2 Nxd4 37. Rxd4 Rxd6 0-1

[Event "45th Rilton Cup 2015-16"]
[Site "Stockholm SWE"]
[Date "2016.01.03"]
[Round "7.39"]
[White "Schitco, Ivan"]
[Black "Grove, Peter"]
[Result "1-0"]
[WhiteElo "2210"]
[BlackElo "2133"]
[WhiteFideId "13905465"]
[BlackFideId "1411101"]
[EventDate "2015.12.27"]

1. d4 Nf6 2. c4 c5 3. d5 b5 4. cxb5 a6 5. b6 d6 6. Nc3 Nbd7 7. e4 g6 8. Nf3 Bg7
9. Qc2 Qxb6 10. h3 Rb8 11. Bd3 O-O 12. O-O Ne8 13. b3 Nc7 14. Bb2 Nb5 15. Na4
Qa5 16. Bxg7 Kxg7 17. Bc4 f6 18. Qd2 Qxd2 19. Nxd2 Nd4 20. f4 Nb6 21. Nxb6 Rxb6
22. Nf3 Nc2 23. Rac1 Ne3 24. Rfe1 Nxc4 25. Rxc4 Bd7 26. e5 fxe5 27. fxe5 Bf5 28.
exd6 exd6 29. Rc3 h6 30. Nd2 Rb7 31. Nc4 Rd8 32. g4 Bc8 33. Rce3 Rf7 34. Re8 Rf8
35. R1e7+ Kf6 36. Rxf8+ Rxf8 37. Rc7 Rd8 38. Nb6 1-0

[Event "45th Rilton Cup 2015-16"]
[Site "Stockholm SWE"]
[Date "2016.01.03"]
[Round "7.40"]
[White "Glimbrant, Torbjorn"]
[Black "Risting, Eivind Olav"]
[Result "1/2-1/2"]
[BlackTitle "FM"]
[WhiteElo "2192"]
[BlackElo "1985"]
[WhiteFideId "1700995"]
[BlackFideId "1517333"]
[EventDate "2015.12.27"]

1. d4 Nf6 2. Nf3 c5 3. e3 g6 4. c4 Bg7 5. Nc3 cxd4 6. exd4 d5 7. Be2 O-O 8. O-O
Nc6 9. Re1 Re8 10. h3 b6 11. cxd5 Nxd5 12. Bc4 Nxc3 13. bxc3 Na5 14. Bd3 Be6 15.
Ng5 Bc4 16. Bxc4 Nxc4 17. Qf3 Bf6 18. Ne4 Bg7 19. Ng5 Bf6 20. Ne4 Bg7 21. Ng5
Bf6 22. Ne4 1/2-1/2

[Event "45th Rilton Cup 2015-16"]
[Site "Stockholm SWE"]
[Date "2016.01.03"]
[Round "7.41"]
[White "Kassani, Sam"]
[Black "Brinck-Claussen, Bjorn"]
[Result "0-1"]
[BlackTitle "IM"]
[WhiteElo "2126"]
[BlackElo "2244"]
[WhiteFideId "1709089"]
[BlackFideId "1400134"]
[EventDate "2015.12.27"]

1. d4 Nf6 2. Nc3 d5 3. Bg5 e6 4. e4 Be7 5. e5 Nfd7 6. h4 c5 7. Nf3 Nc6 8. Bxe7
Qxe7 9. Nb5 O-O 10. Bd3 h6 11. c3 cxd4 12. cxd4 f6 13. Qe2 fxe5 14. dxe5 a6 15.
Nc3 Qb4 16. O-O Qg4 17. Rae1 Rxf3 18. Qxf3 Qxf3 19. gxf3 Ndxe5 20. Be2 Nd4 21.
Kg2 Ng6 22. Rh1 Bd7 23. Bd1 Rf8 24. Ref1 Ne5 25. h5 Ndxf3 26. Bxf3 Nxf3 27. Rd1
Bc6 28. Kg3 d4 29. Nb1 e5 30. Rhf1 Rf5 31. Nd2 Rg5+ 0-1

[Event "45th Rilton Cup 2015-16"]
[Site "Stockholm SWE"]
[Date "2016.01.03"]
[Round "7.42"]
[White "Ask, Josef"]
[Black "Jonsson, Emil"]
[Result "1/2-1/2"]
[WhiteElo "2180"]
[BlackElo "2156"]
[WhiteFideId "1704583"]
[BlackFideId "1712268"]
[EventDate "2015.12.27"]

1. e4 e5 2. Nf3 Nc6 3. Bb5 f5 4. Nc3 fxe4 5. Nxe4 Nf6 6. Qe2 d6 7. d4 Bd7 8. Bg5
Be7 9. dxe5 Nxe4 10. Bxe7 Qxe7 11. Qxe4 Nxe5 12. Bxd7+ Nxd7 13. Qxe7+ Kxe7 14.
O-O-O Rae8 15. Nd4 Rhf8 16. Rhe1+ Ne5 17. f3 Kd7 18. b3 a6 19. Re4 Nc6 20. Rg4
Rf7 21. Nxc6 Kxc6 22. Rd2 Re1+ 23. Kb2 Rfe7 24. Rh4 h6 25. Rg4 Kd7 26. Rg6 R1e6
27. Rg4 Ke8 28. a4 Kf7 29. Rc4 c6 30. a5 Re2 1/2-1/2